"Whitest Countries" - Statistics

General Stats
  • This quiz has been taken 596 times
  • The average score is 16 of 21
Answer Stats
Answer % Correct
America
96%
Russia
93%
Canada
91%
Germany
91%
France
89%
Spain
88%
Italy
87%
Poland
84%
Australia
79%
Ukraine
79%
Greece
74%
The Netherlands
73%
Portugal
72%
Argentina
67%
Belgium
67%
Brazil
67%
Romania
66%
United Kingdom
64%
Hungary
60%
Czech Republic
47%
Kazakhstan
28%
No matching quizzes found
Score Distribution
Percent of People with Each Score
Percentile by Number Answered
Your Score History
You have not taken this quiz